Statystyki dla Przetłumacz na język Angielski (2)

Kliknij tutaj aby rozwiązać quiz!

Ogólne statystyki

  • Ten quiz został rozwiązany 86 razy
    (65 od ostatniego zresetowania)
  • Średni wynik to 7 z 10

Statystyki odpowiedzi

PolskiAngielski% Poprawnych
oknowindow
96%
mapamap
94%
drzewotree
91%
lasforest
85%
windaelevator
68%
ziemiaearth
57%
tablicaboard
55%
autostradahighway
47%
polefield
45%
słuppole
23%

Rozkład punktacji

Percentyl według liczby udzielonych odpowiedzi

Procent ludzi z każdym wynikiem

Twoja historia wyników

Nie rozwiązałeś tego quizu od ostatniego zresetowania